000 00763nam a2200265Ia 4500
005 20260302114924.0
008 008 260114s9999 xx 000 0 eng d
020 _a9781666990638
037 _aTextbook
040 _aCRL
040 _beng
040 _cCRL
041 _2eng
041 _aeng
084 _qCRL
100 _aRhone Fraser & Natalie King-Pedroso
_91120176
245 0 _aCritical Responses About the Black Family in Toni Morrison's God Help the Child Conflicts in Comradeship
260 _bBloomsbury
260 _bLexington Books
260 _c2019
650 _aLiterary Studies
856 _uhttps://doi.org/10.5040/9781666990638?locatt=label:secondary_bloomsburyCollections
942 _cEBOOK
999 _c1684311
_d1684311